banner koha

Zoneamento de riscos climáticos para a cultura da mamona no Estado do Piauí (Safra 2006/2007) (Registro n. 296391)

MARC details
000 -LÍDER
campo de controle de tamanho fixo 01027nac a22003017a 4500
001 - NÚMERO DE CONTROLE
campo de controle BR0805579
003 - IDENTIFICADOR DO NÚMERO DE CONTROLE
campo de controle BR-BrBNA
005 - DATA E HORÁRIO DA ÚLTIMA TRANSAÇÃO
campo de controle 20240105123642.0
008 - CAMPO DE DADOS FIXOS--INFORMAÇÃO GERAL
campo de controle de tamanho fixo 230509b bl.|||m| |||| 00| 0 por d
040 ## - FONTE DA CATALOGAÇÃO
Instituição da catalogação original BR-BrBNA
Idioma da catalogação por
Instituição que transcreveu o registro Biblioteca Nacional de Agricultura
072 ## - CÓDIGO DE CATEGORIA DE ASSUNTO
Código de Categoria de Assunto E11; P40
090 ## - NÚMERO DE CHAMADA LOCAL
Número de chamada 0331 BR0805579
100 1# - ENTRADA PRINCIPAL--NOME PESSOAL
Nome pessoal Amaral, J.A.B. do
100 1# - ENTRADA PRINCIPAL--NOME PESSOAL
Nome pessoal Silva, M.T.
110 1# - ENTRADA PRINCIPAL--NOME CORPORATIVO
Nome corporativo ou nome da jurisdição EMBRAPA Algodão, Campina Grande, PB (Brasil)
9 (RLIN) 3546
245 1# - TÍTULO
Título Zoneamento de riscos climáticos para a cultura da mamona no Estado do Piauí (Safra 2006/2007)
260 3# - PUBLICAÇÃO, DISTRIBUIÇÃO, ETC.
Local de publicação, distribuição, etc. Campina Grande, PB (Brasil):
Data da publicação, distribuição, etc. 2006.
300 ## - DESCRIÇÃO FÍSICA
Extensão 25 p.
490 ## - TÍTULO DA SÉRIE
Título da série Boletim de Pesquisa e Desenvolvimento - EMBRAPA Algodão (Brazil)
Número do volume ou designação sequencial da série no. 70
ISSN - International Standard Serial Number ISSN 0103-0841
500 ## - NOTA GERAL
Nota geral Summaries (En, Pt); 4 illus.; 16 ref.
650 ## - ASSUNTO--TERMO TÓPICO
Cabeçalho tópico ou nome geográfico MAMONA
650 ## - ASSUNTO--TERMO TÓPICO
Cabeçalho tópico ou nome geográfico ÉPOCA DE SEMEADURA
650 ## - ASSUNTO--TERMO TÓPICO
Cabeçalho tópico ou nome geográfico APTIDÃO AGRÍCOLA
650 ## - ASSUNTO--TERMO TÓPICO
Cabeçalho tópico ou nome geográfico ZONEAMENTO CLIMÁTICO
650 ## - ASSUNTO--TERMO TÓPICO
Cabeçalho tópico ou nome geográfico BALANÇO HÍDRICO
909 ## -
-- 202312
-- Lúcia Elande
-- 55
-- Lúcia Elande
942 ## - ELEMENTOS DE ENTRADA ADICIONADOS (KOHA)
Fonte da classificação ou esquema de arquivamento na estante Classificação AGRIS
Ocultar no OPAC Não
Tipo de material Koha Monografia Seriada
Exemplares
Situação do descarte Fonte da classificação ou esquema de arquivamento na estante Situação física Não pode ser emprestado Coleção Biblioteca de origem Biblioteca atual Localização na estante Total de empréstimos Número de telefone completo Código de barras Data de último acesso Tipo de material Koha Fonte de aquisição
  Classificação AGRIS       Biblioteca Nacional de Agricultura - Binagri Biblioteca Nacional de Agricultura - Binagri Agrobase - Acervo Geral   0331 BR0805579 0331 BR0805579 18/12/2023 Monografia Seriada Portaria Interministerial nº 164/94

BINAGRI

Telefone: (61)3218-2567/2388/3357/2097 - binagri@agro.gov.br

Ministério da Agricultura e Pecuária , Esplanada dos Ministérios, Bloco D, Anexo B, Brasília/DF, CEP: 70.043-900